LIBRARY ONLINE CATALOGUE

Dictionary of English synonyms and antonyms / (Record no. 14910)

MARC details
000 -LEADER
fixed length control field 00674cam a22002052 4500
001 - CONTROL NUMBER
control field 0000002634
005 - DATE AND TIME OF LATEST TRANSACTION
control field 20151217161131.0
008 - FIXED-LENGTH DATA ELEMENTS--GENERAL INFORMATION
fixed length control field 070417s xx 000 0 eng d
020 ## - INTERNATIONAL STANDARD BOOK NUMBER
Terms of availability KES 175
040 ## - CATALOGING SOURCE
Original cataloging agency KABU
Transcribing agency KABU
050 #0 - LIBRARY OF CONGRESS CALL NUMBER
Classification number PE1591
Item number .D53
245 10 - TITLE STATEMENT
Title Dictionary of English synonyms and antonyms /
Statement of responsibility, etc. edited by G. Elgie Christ.
260 ## - PUBLICATION, DISTRIBUTION, ETC. (IMPRINT)
Place of publication, distribution, etc. Kamla Nagar, Delhi :
Name of publisher, distributor, etc. Surjeet Publications,
Date of publication, distribution, etc. 2000 [printing]
300 ## - PHYSICAL DESCRIPTION
Extent 303 p. ;
Dimensions 21 cm.
650 #0 - SUBJECT ADDED ENTRY--TOPICAL TERM
Topical term or geographic name as entry element English language
Form subdivision Dictionaries
General subdivision Synonyms and antonyms.
-- 0000152078
700 1# - ADDED ENTRY--PERSONAL NAME
Personal name Christ, G. Elgie.
-- 0000152079
908 ## - PUT COMMAND PARAMETER (RLIN)
Put command parameter 070417
950 ## - LOCAL HOLDINGS (RLIN)
-- 1
Holdings
Withdrawn status Lost status Source of classification or shelving scheme Not for loan Home library Current library Date acquired Total Checkouts Full call number Barcode Date last seen Price effective from Koha item type
    Library of Congress Classification Not For Loan Kabarak, Main Campus Kabarak, Main Campus 17/12/2015   PE1591 .D53 009921 17/12/2015 17/12/2015 Reference